| 000 | 01707nam a2200241Ia 4500 | ||
|---|---|---|---|
| 008 | 260220t1964||||xx |||||||||||||| ||spa|| | ||
| 040 |
_aPY-SlUNAC _bspa _erda |
||
| 041 | _aspa | ||
| 082 |
_a920 _bK89n |
||
| 100 |
_aKranz, Henry B. _eAutor |
||
| 245 | 0 |
_aNueva semblanza de Abraham Lincoln / _cpor Henry B. Kranz [Autor] |
|
| 264 |
_aCiudad de México : _bNovaro, _c℗1964. |
||
| 300 | _a1 volumen | ||
| 520 | _aEn "Nueva semblanza de Abraham Lincoln", Henry B. Kranz ofrece una exhaustiva revisión de la vida y legado del décimo sexto presidente de los Estados Unidos, abordando tanto su contexto histórico como sus contribuciones políticas y sociales. El autor se sumerge en la infancia de Lincoln, su formación y su ascenso en la política, destacando su papel crucial durante la Guerra Civil y su lucha por la abolición de la esclavitud. Kranz utiliza una variedad de fuentes primarias y secundarias para ilustrar la complejidad del carácter de Lincoln, así como los desafíos que enfrentó en su presidencia, como la división nacional y las tensiones raciales. El libro también examina su retórica, especialmente en discursos emblemáticos como el de Gettysburg, que reflejan su visión de la democracia. A través de un análisis detallado, Kranz logra presentar una figura multidimensional de Lincoln, resaltando su impacto perdurable en la historia estadounidense y su simbolismo en la lucha por los derechos humanos. | ||
| 651 | _aEstados Unidos de América | ||
| 653 | _aBiografía | ||
| 653 | _aHistoria | ||
| 942 |
_b2026/02/17 _cBK |
||
| 999 |
_c9446 _d9446 |
||